000 00595nam a22001817a 4500
003 OSt
005 20180116183052.0
008 160831b xxu||||| |||| 00| 0 eng d
020 _a9781784156893
040 _c0
082 _a657 ACC 2016
100 _aACCA
245 _aACCA Paper F1 FIA Diploma in Accounting and Business Accountant in Business(AB/FAB) :
_bExam KIT valid from 1 September 2016-31 August 2017
260 _aUK
_bKaplan
_c2016
300 _a198+ p.
_bPB
440 _aACCA Paper F1 FIA Diploma in Accounting and Business Accountant in Business(AB/FAB) :
942 _2ddc
_cBK
999 _c351690
_d351690